| 000 | 00936nam a22002417a 4500 | ||
|---|---|---|---|
| 999 |
_c13452 _d13452 |
||
| 003 | AR-CdUCM | ||
| 008 | 190415b ||||| |||| 00| 0 spa d | ||
| 040 |
_aMUNICIPALIDAD PROVINCIAL DEL CUSCO _cBIBLIOTECA MUNICIPAL DEL CUSCO |
||
| 082 |
_a907.2985 / _bU26 |
||
| 100 |
_aUgarte y Ugarte, Eduardo _931876 |
||
| 110 |
_aUniversidad Nacional de San Agustín de Arequipa _917338 |
||
| 245 | _aInédita / | ||
| 260 |
_aArequipa : _bEl sol, _c1973. |
||
| 300 |
_a392 páginas ; _c21 cm. |
||
| 440 |
_n1 _99124 |
||
| 505 | _aContenido: Documento inédito del ilustre patrono de la universidad de Arequipa doctor Juan Gualberto Valdivia, 1828, en homenaje al 145º aniversario de la universidad de San Agustín... | ||
| 650 |
_aUNSA _931877 |
||
| 650 |
_aArequipa _91703 |
||
| 650 |
_aVirrey Francisco de Toledo _931878 |
||
| 710 |
_aArchivo departamental histórico Arequipa _931879 |
||
| 942 |
_2ddc _cLIBROS |
||
| 945 |
_adavv _d15/04/2019 |
||